• 首页
  • 本馆介绍
  • 公告通知
  • 最新文献
  • 馆藏检索
  • 电子资源
  • 读者导购
  • 参考咨询
  • 我的图书馆
  • 登录
  • 详细信息显示
  • 放入我的书架
  • 预约/预借图书
  • 作者相关作品
  • 分类相关作品
  • 丛书相关作品
  • 出版社相关作品

书目信息

  • 表格格式
  • 工作单格式
  • 卡片格式
题名:
东南亚国家联盟
    
 
作者: 艾伦 著 ;郭彤 译
分册:  
出版信息: 北京   新华出版社  1981
页数: 574页
开本: 21cm
丛书名:
单 册:
中图分类: D814.1 , D5
科图分类:
主题词: 国际政治
电子资源:
ISBN:
000 00656nam0 2200253 450
001 1538135346
005 20150124103552.29
010    @dCNY2.20
091    @a17203.001
100    @a19950606d1981 em y0chiy0110 ea
101 1  @achi@ceng
102    @aCN@b110000
105    @ay z 000yy
200 1  @a东南亚国家联盟@9dong nan ya guo jia lian meng@f(澳)T.艾伦著@g郭彤译
210    @a北京@c新华出版社@d1981
215    @a574页@d21cm
601 0  @a东南亚国家联盟
606 0  @a国际政治
690    @aD814.1@v5
690    @aD5@v4
701  1 @a艾伦@9ai lun@bT.@4著
702  0 @a郭彤@9guo tong@4译
801  0 @aCN@bTSSF@c20150124
905    @aZUCC@dD5@eJY9
    
    东南亚国家联盟/(澳)T.艾伦著/郭彤译.-北京:新华出版社,1981
    574页;21cm
    
    
    ISBN :CNY2.20
    
●
相关链接 在E读中查询图书 在五车中查询图书 在当当中查询图书 在豆瓣中查询图书


正题名:东南亚国家联盟     索取号:D5/JY9         预约/预借

序号 登录号 条形码 馆藏地/架位号 状态 备注
1 7843583   278435837   学院路分馆/ [索取号:D5/JY9] 在馆    
唐山师范学院图书馆 欢迎您!
大连网信软件有限公司© 版权所有